000 00466nam a2200181Ia 4500
001 9010
005 20260306160652.0
008 260306t2010||||xx |||||||||||||| ||spa||
041 _aESP
082 _a372.21
_bW17
100 _aWaidler, Liliana
_eAUT
245 0 _aHerramientas para proyectos didácticos:
_bexperiencias interdisciplinarias
260 _c2010
300 _a142 páginas :
_c26 cm.
650 _aGEN
654 _aCED
942 _cLIB
_dJUS
_fJUS
_2ddc
_n
999 _c9010
_d9010